[Event "2. Bundesliga Ost 2012/2013"]
[Site "6.+7.10., 17.+18.11., 1.12., 2.+3.2., 9.+10.3., 6.
[Date "2013.04.06"]
[Round "10"]
[Board "4"]
[White "Bachofner, Andreas"]
[Black "Alvir, Aco"]
[Result "0-1"]
[WhiteElo "2207"]
[BlackElo "2345"]
[PlyCount "114"]
[EventDate "2012.10.06"]
[EventType "team"]
[EventRounds "11"]
[EventCountry "AUT"]
[WhiteTeam "Blackburne Nickelsdorf"]
[BlackTeam "Raiffeisen Waehring"]

1. e4 c5 2. Nc3 e6 3. f4 Nc6 4. Nf3 d5 5. g3 dxe4 6. Nxe4 Be7 7. Bg2 Nf6 8. d3
O-O 9. O-O Qb6 10. Nf2 Rd8 11. c3 Bd7 12. Ne5 Be8 13. Qe2 Qc7 14. Bd2 Bd6 15.
Rae1 Rac8 16. g4 Bf8 17. g5 Nd5 18. Nfg4 Nxe5 19. fxe5 Ne7 20. Be4 Nf5 21. Bxf5
exf5 22. Rxf5 Qd7 23. e6 Qxe6 24. Re5 Qg6 25. Re3 Bc6 26. Ne5 Qd6 27. Nxc6 Qxc6
28. c4 Qd7 29. Bc3 Rc6 30. Qh5 Rg6 31. Rh3 h6 32. Rg3 hxg5 33. Rxg5 Rxg5+ 34.
Qxg5 Qxd3 35. Re3 Qd1+ 36. Re1 Qd3 37. Re3 Qb1+ 38. Re1 Rd1 39. Rxd1 Qxd1+ 40.
Kf2 Qc2+ 41. Qd2 Qf5+ 42. Kg1 Qb1+ 43. Kg2 Qxa2 44. Qe2 Qa4 45. Kf3 Qd7 46. Kg2
Qc6+ 47. Kg1 a6 48. Qg4 b5 49. Be5 Qg6 50. Qxg6 fxg6 51. Kf2 bxc4 52. Ke3 Kf7
53. Ke4 Ke6 54. h3 a5 55. Bc3 a4 56. Be5 Be7 57. Bxg7 Bf6 0-1

[Event "2. Bundesliga Ost 2012/2013"]
[Site "6.+7.10., 17.+18.11., 1.12., 2.+3.2., 9.+10.3., 6.
[Date "2013.04.06"]
[Round "10"]
[Board "5"]
[White "Kirschner, Alexander"]
[Black "Steinert, Martin"]
[Result "1/2-1/2"]
[WhiteElo "2281"]
[BlackElo "2094"]
[PlyCount "94"]
[EventDate "2012.10.06"]
[EventType "team"]
[EventRounds "11"]
[EventCountry "AUT"]
[WhiteTeam "Raiffeisen Waehring"]
[BlackTeam "Blackburne Nickelsdorf"]

1. c4 Nf6 2. Nc3 g6 3. g3 Bg7 4. Bg2 O-O 5. e4 d6 6. Nge2 e5 7. O-O Bg4 8. f3
Be6 9. d3 c6 10. f4 Qb6+ 11. Kh1 Ng4 12. f5 Bc8 13. Qe1 a5 14. h3 Nf6 15. g4
Ne8 16. Qg3 f6 17. Be3 Qc7 18. g5 gxf5 19. exf5 fxg5 20. Qxg5 Nd7 21. d4 Kh8
22. Rac1 Nef6 23. b3 Qd8 24. Rce1 Rg8 25. Qh4 Qf8 26. d5 c5 27. Nb5 Ne8 28. Rg1
Ndf6 29. Ng3 Bd7 30. a4 Bxb5 31. axb5 b6 32. Ref1 Qf7 33. Bf3 Bf8 34. Nh5 Rxg1+
35. Rxg1 a4 36. bxa4 Rxa4 37. Nxf6 Nxf6 38. Bg5 Be7 39. Bxf6+ Bxf6 40. Bh5 Qf8
41. Qg4 e4 42. Qxe4 Bd4 43. Rf1 Qf6 44. Re1 Be5 45. Qg4 Ra2 46. Be8 Ra8 47. Qh5
Ra1 1/2-1/2

[Event "2. Bundesliga Ost 2012/2013"]
[Site "6.+7.10., 17.+18.11., 1.12., 2.+3.2., 9.+10.3., 6.
[Date "2013.04.06"]
[Round "10"]
[Board "6"]
[White "Jirovec, Alfred"]
[Black "Steiner, Bruno"]
[Result "0-1"]
[WhiteElo "2036"]
[BlackElo "2209"]
[PlyCount "80"]
[EventDate "2012.10.06"]
[EventType "team"]
[EventRounds "11"]
[EventCountry "AUT"]
[WhiteTeam "Blackburne Nickelsdorf"]
[BlackTeam "Raiffeisen Waehring"]

1. d4 d5 2. Nf3 Nf6 3. e3 e6 4. Bd3 b6 5. Qe2 Bb7 6. Nbd2 Ne4 7. O-O Bd6 8. a3
O-O 9. c4 Nd7 10. Rd1 f5 11. Nf1 Kh8 12. Qc2 Qf6 13. b4 dxc4 14. Bxc4 Qh6 15.
Qb3 Rae8 16. a4 Ndf6 17. Ne5 Ng4 18. Ra2 Nxe5 19. dxe5 Bxe5 20. a5 Nd6 21. Be2
Qg6 22. f3 Bd5 23. Rxd5 exd5 24. axb6 axb6 25. b5 Qe6 26. f4 Bf6 27. Ra7 Rf7
28. Bf3 Ne4 29. Qc2 c5 30. Ra6 g6 31. Ba3 Qd6 32. g3 Kg7 33. Be2 Rd7 34. g4
fxg4 35. Bxg4 Rdd8 36. Ra7+ Re7 37. Ra6 d4 38. Bf3 dxe3 39. Bxe4 Qd4 40. Qe2
Qxe4 0-1

[Event "2. Bundesliga Ost 2012/2013"]
[Site "6.+7.10., 17.+18.11., 1.12., 2.+3.2., 9.+10.3., 6.
[Date "2013.04.06"]
[Round "10"]
[Board "1"]
[White "Kummer, Helmut"]
[Black "Penz, Harald"]
[Result "1-0"]
[WhiteElo "2353"]
[BlackElo "2311"]
[PlyCount "89"]
[EventDate "2012.10.06"]
[EventType "team"]
[EventRounds "11"]
[EventCountry "AUT"]
[WhiteTeam "Purbach"]
[BlackTeam "SK Hietzing"]

1. d4 Nf6 2. c4 c5 3. d5 b5 4. cxb5 a6 5. b6 d6 6. Nc3 Qxb6 7. e4 g6 8. Nf3
Nbd7 9. Be2 Bg7 10. O-O O-O 11. Qc2 Re8 12. Bf4 Bb7 13. Nd2 Qc7 14. Rad1 Rad8
15. Nc4 Nb6 16. Na5 Ba8 17. Nc6 Bxc6 18. dxc6 Ra8 19. Bf3 e5 20. Bg5 Qxc6 21.
b3 Nfd7 22. Be2 Nf8 23. Qd2 Ne6 24. Qxd6 Qxd6 25. Rxd6 Nc8 26. Rxe6 Rxe6 27.
Nd5 Rc6 28. Bg4 f6 29. Bxc8 Raxc8 30. Ne7+ Kf7 31. Nxc6 Rxc6 32. Be3 Bf8 33.
Rc1 Ke6 34. Kf1 Kd7 35. Ke2 Kc7 36. Kd3 Kb6 37. Kc4 a5 38. Rd1 Kc7 39. Rd5 a4
40. Bxc5 axb3 41. axb3 Bh6 42. Kb5 Bc1 43. b4 Bb2 44. Rd2 Bc3 45. Rc2 1-0

[Event "2. Bundesliga Ost 2012/2013"]
[Site "6.+7.10., 17.+18.11., 1.12., 2.+3.2., 9.+10.3., 6.
[Date "2013.04.06"]
[Round "10"]
[Board "2"]
[White "Vechet, Stanislav"]
[Black "Wolfram, Bernd"]
[Result "1-0"]
[WhiteElo "2176"]
[BlackElo "2234"]
[PlyCount "79"]
[EventDate "2012.10.06"]
[EventType "team"]
[EventRounds "11"]
[EventCountry "AUT"]
[WhiteTeam "SK Hietzing"]
[BlackTeam "Purbach"]

1. d4 Nf6 2. g3 g6 3. Bg2 d5 4. Nf3 Bg7 5. c4 c6 6. cxd5 cxd5 7. Nc3 O-O 8. Ne5
Nbd7 9. Bf4 Nb6 10. a4 Be6 11. a5 Nc8 12. Qb3 Nd6 13. O-O Rc8 14. Rfd1 h6 15.
Nd3 Nfe4 16. Bxd6 Qxd6 17. Nf4 Nxc3 18. bxc3 Rfd8 19. Rd3 Bf5 20. Bxd5 Bxd3 21.
Bxf7+ Kh7 22. exd3 g5 23. Ne6 Rd7 24. Qd1 Qd5 25. Nf8+ Bxf8 26. Bxd5 Rxd5 27.
Qf3 Rcd8 28. Qf7+ Kh8 29. Rb1 R5d7 30. Re1 e5 31. Qg6 Rd6 32. Qf7 R6d7 33. Qf5
exd4 34. c4 Kg8 35. Re6 Rf7 36. Rf6 Re7 37. Re6 Rf7 38. Qe4 Rc8 39. Kg2 Rd8 40.
f3 1-0

[Event "2. Bundesliga Ost 2012/2013"]
[Site "6.+7.10., 17.+18.11., 1.12., 2.+3.2., 9.+10.3., 6.
[Date "2013.04.06"]
[Round "10"]
[Board "3"]
[White "Zimmermann, Heinz"]
[Black "Janetschek, Karl"]
[Result "1-0"]
[WhiteElo "2177"]
[BlackElo "2257"]
[PlyCount "107"]
[EventDate "2012.10.06"]
[EventType "team"]
[EventRounds "11"]
[EventCountry "AUT"]
[WhiteTeam "Purbach"]
[BlackTeam "SK Hietzing"]

1. c4 c5 2. Nc3 g6 3. g3 Bg7 4. Bg2 e5 5. a3 Nc6 6. b4 d6 7. b5 Nce7 8. e4 Nf6
9. d3 O-O 10. Nge2 Ne8 11. O-O f5 12. exf5 gxf5 13. Bg5 Nf6 14. Nd5 Nexd5 15.
Bxd5+ Kh8 16. Ra2 Qe8 17. Bg2 Nh5 18. Nc3 e4 19. Nd5 Qg6 20. Be7 Rf7 21. Bxd6
exd3 22. Bxc5 f4 23. Ne7 Qg5 24. Bd5 fxg3 25. hxg3 Bg4 26. Be3 Qxe7 27. Qxg4
Nf6 28. Qd1 Nxd5 29. cxd5 Qe4 30. Rd2 Qxd5 31. Rxd3 Qxb5 32. Rd5 Qc6 33. Bd4
Bxd4 34. Qxd4+ Qf6 35. Qxf6+ Rxf6 36. Rd7 b5 37. Rc1 a6 38. Rcc7 h6 39. Kg2 Rg6
40. f4 Kg8 41. Kf3 a5 42. Rb7 b4 43. axb4 axb4 44. Rxb4 Rg7 45. Rxg7+ Kxg7 46.
Rb5 Ra3+ 47. Kg4 Rc3 48. Kh4 Rf3 49. Kg4 Ra3 50. Rb4 Rc3 51. f5 Ra3 52. Rb7+
Kf6 53. Rb6+ Kg7 54. Rg6+ 1-0

[Event "2. Bundesliga Ost 2012/2013"]
[Site "6.+7.10., 17.+18.11., 1.12., 2.+3.2., 9.+10.3., 6.
[Date "2013.04.06"]
[Round "10"]
[Board "4"]
[White "Molnar, Attila"]
[Black "Bauer, Manfred"]
[Result "1/2-1/2"]
[WhiteElo "2087"]
[BlackElo "1938"]
[PlyCount "89"]
[EventDate "2012.10.06"]
[EventType "team"]
[EventRounds "11"]
[EventCountry "AUT"]
[WhiteTeam "SK Hietzing"]
[BlackTeam "Purbach"]

1. e4 c6 2. d4 d5 3. exd5 cxd5 4. Bd3 Nf6 5. c3 Bg4 6. Qb3 Qc8 7. Bf4 e6 8. Nd2
Be7 9. Ngf3 Nc6 10. O-O O-O 11. Rae1 a6 12. Ne5 Bh5 13. Qc2 Bg6 14. Nxg6 hxg6
15. Nf3 Qd7 16. Ne5 Nxe5 17. dxe5 Nh7 18. Be3 Rfc8 19. Kh1 Bc5 20. Bc1 b5 21.
Qe2 Nf8 22. f4 f5 23. exf6 gxf6 24. Rf3 Re8 25. Rg3 f5 26. Be3 d4 27. Bf2 Bd6
28. Qf3 dxc3 29. bxc3 Rac8 30. Bd4 Bc5 31. Be5 Bd6 32. Bd4 Bc5 33. Be5 Bd6 34.
Qe2 Bxe5 35. Qxe5 Qg7 36. Qxg7+ Kxg7 37. Rc1 Rc5 38. Kg1 Rec8 39. Be2 a5 40.
Kf2 b4 41. c4 Kf6 42. Rd1 Ke7 43. a3 bxa3 44. Rxa3 R8c7 45. Rb1 1/2-1/2

[Event "2. Bundesliga Ost 2012/2013"]
[Site "6.+7.10., 17.+18.11., 1.12., 2.+3.2., 9.+10.3., 6.
[Date "2013.04.06"]
[Round "10"]
[Board "5"]
[White "Bauer, Valentina"]
[Black "Prager, Michael"]
[Result "1/2-1/2"]
[WhiteElo "1787"]
[BlackElo "1996"]
[PlyCount "61"]
[EventDate "2012.10.06"]
[EventType "team"]
[EventRounds "11"]
[EventCountry "AUT"]
[WhiteTeam "Purbach"]
[BlackTeam "SK Hietzing"]

1. e4 e5 2. Nf3 Nc6 3. d4 exd4 4. Nxd4 Bc5 5. Be3 Qf6 6. c3 Nge7 7. Bc4 O-O 8.
O-O Ne5 9. Be2 N5g6 10. f4 d6 11. Qd2 h6 12. h3 a6 13. Rf3 Kh8 14. Kh2 Bd7 15.
g4 Nc6 16. Rg3 Qe7 17. f5 Nge5 18. Bxh6 f6 19. Bf4 Nf7 20. Bf3 Nce5 21. Bg2 Nc4
22. Qc2 Nce5 23. Nd2 b5 24. N2f3 Nxf3+ 25. Nxf3 Rae8 26. Nd2 Bc6 27. Be3 Bxe3
28. Rxe3 Qe5+ 29. Kg1 Qc5 30. Qd3 Ng5 31. Qd4 1/2-1/2

[Event "2. Bundesliga Ost 2012/2013"]
[Site "6.+7.10., 17.+18.11., 1.12., 2.+3.2., 9.+10.3., 6.
[Date "2013.04.06"]
[Round "10"]
[Board "6"]
[White "Allram, Sebastian"]
[Black "Mueller, Florian"]
[Result "1/2-1/2"]
[WhiteElo "1972"]
[BlackElo "1770"]
[PlyCount "91"]
[EventDate "2012.10.06"]
[EventType "team"]
[EventRounds "11"]
[EventCountry "AUT"]
[WhiteTeam "SK Hietzing"]
[BlackTeam "Purbach"]

1. c4 c5 2. b3 Nf6 3. Bb2 Nc6 4. Nf3 e6 5. g3 Be7 6. Bg2 O-O 7. d4 d5 8. cxd5
Nxd5 9. O-O cxd4 10. Nxd4 Nxd4 11. Bxd4 Bf6 12. Bxd5 Bxd4 13. Qxd4 Qxd5 14.
Qxd5 exd5 15. Nc3 Be6 16. Rfd1 Rfd8 17. Rd3 Rd7 18. Rad1 Rad8 19. Nb5 a6 20.
Nd4 Rc8 21. Nxe6 fxe6 22. e4 Rc5 23. b4 Rc4 24. exd5 Rxd5 25. Rxd5 exd5 26. a3
d4 27. Kg2 b5 28. Kf3 Rc3+ 29. Ke4 Rxa3 30. Rxd4 Ra2 31. Ke3 Kf7 32. Rf4+ Ke6
33. Kd4 Kd6 34. h4 Ra4 35. Kc3 a5 36. bxa5 Rxa5 37. Rf7 Ra2 38. Kb3 Rd2 39. h5
h6 40. g4 Ke6 41. Rxg7 Rxf2 42. Kb4 Kf6 43. Rg6+ Kf7 44. Kxb5 Rf6 45. g5 Rxg6
46. hxg6+ 1/2-1/2

[Event "2. Bundesliga Ost 2012/2013"]
[Site "6.+7.10., 17.+18.11., 1.12., 2.+3.2., 9.+10.3., 6.
[Date "2013.04.07"]
[Round "11"]
[Board "1"]
[White "Penz, Harald"]
[Black "Papp, Gabor"]
[Result "1/2-1/2"]
[WhiteElo "2311"]
[BlackElo "2571"]
[PlyCount "48"]
[EventDate "2012.10.06"]
[EventType "team"]
[EventRounds "11"]
[EventCountry "AUT"]
[WhiteTeam "SK Hietzing"]
[BlackTeam "ASVOE Mattersburg"]

1. e4 e5 2. Nf3 Nc6 3. Bc4 Nf6 4. Ng5 d5 5. exd5 Na5 6. Bb5+ c6 7. dxc6 bxc6 8.
Bd3 Nd5 9. Nf3 Bd6 10. O-O Nf4 11. Re1 Nxd3 12. cxd3 O-O 13. Nxe5 Re8 14. d4 f6
15. Nf3 Bg4 16. d3 Qc7 17. h3 Bxf3 18. gxf3 Qf7 19. Be3 Rad8 20. Nc3 Qg6+ 21.
Kh1 Qf5 22. Kg2 Qg6+ 23. Kh1 Qf5 24. Kg2 Qg6+ 1/2-1/2

[Event "2. Bundesliga Ost 2012/2013"]
[Site "6.+7.10., 17.+18.11., 1.12., 2.+3.2., 9.+10.3., 6.
[Date "2013.04.07"]
[Round "11"]
[Board "2"]
[White "Fodor, Tamas"]
[Black "Janetschek, Karl"]
[Result "1-0"]
[WhiteElo "2503"]
[BlackElo "2257"]
[PlyCount "33"]
[EventDate "2012.10.06"]
[EventType "team"]
[EventRounds "11"]
[EventCountry "AUT"]
[WhiteTeam "ASVOE Mattersburg"]
[BlackTeam "SK Hietzing"]

1. d4 Nf6 2. c4 e6 3. Nc3 Bb4 4. Qc2 c5 5. dxc5 Na6 6. a3 Bxc3+ 7. Qxc3 Nxc5 8.
f3 a5 9. e4 O-O 10. Be3 b6 11. Ne2 d5 12. Rd1 Bb7 13. Bd4 Re8 14. Ng3 Qe7 15.
Bxf6 Qxf6 16. Qxf6 gxf6 17. Nh5 1-0

[Event "2. Bundesliga Ost 2012/2013"]
[Site "6.+7.10., 17.+18.11., 1.12., 2.+3.2., 9.+10.3., 6.
[Date "2013.04.07"]
[Round "11"]
[Board "3"]
[White "Prager, Manfred"]
[Black "Petran, Peter"]
[Result "0-1"]
[WhiteElo "2035"]
[BlackElo "2277"]
[PlyCount "94"]
[EventDate "2012.10.06"]
[EventType "team"]
[EventRounds "11"]
[EventCountry "AUT"]
[WhiteTeam "SK Hietzing"]
[BlackTeam "ASVOE Mattersburg"]

1. e4 g6 2. d4 Bg7 3. Nc3 c6 4. Be3 b5 5. Qd2 d6 6. Bd3 a6 7. Nge2 Nd7 8. Nd1
e5 9. c3 Bb7 10. O-O Ngf6 11. f3 O-O 12. Rc1 Re8 13. Kh1 Rc8 14. b3 exd4 15.
cxd4 c5 16. d5 Ne5 17. Bb1 b4 18. Nb2 a5 19. Nd3 Ba6 20. Nxe5 Rxe5 21. Bd3 Qb6
22. Nf4 Ree8 23. Bxa6 Qxa6 24. Nd3 Nd7 25. Rfd1 a4 26. Nb2 axb3 27. axb3 Ra8
28. Nc4 Ne5 29. Nxd6 Qxd6 30. Bxc5 Qf6 31. Bd4 Qh4 32. Qxb4 Bh6 33. Ra1 Bf4 34.
Bg1 Rxa1 35. Rxa1 Nd3 36. Qd4 Be5 37. Qxd3 Bxa1 38. b4 Be5 39. b5 Ra8 40. f4
Qxf4 41. g3 Qf6 42. b6 Ra1 43. Kg2 Ra2+ 44. Kh1 Rb2 45. Bc5 Qg5 46. Be3 Rxh2+
47. Kxh2 Qxg3+ 0-1

[Event "2. Bundesliga Ost 2012/2013"]
[Site "6.+7.10., 17.+18.11., 1.12., 2.+3.2., 9.+10.3., 6.
[Date "2013.04.07"]
[Round "11"]
[Board "4"]
[White "Brod, Manfred"]
[Black "Molnar, Attila"]
[Result "1-0"]
[WhiteElo "2234"]
[BlackElo "2087"]
[PlyCount "73"]
[EventDate "2012.10.06"]
[EventType "team"]
[EventRounds "11"]
[EventCountry "AUT"]
[WhiteTeam "ASVOE Mattersburg"]
[BlackTeam "SK Hietzing"]

1. e4 c5 2. Nf3 e6 3. d4 cxd4 4. Nxd4 Nc6 5. Nb5 d6 6. c4 a6 7. N5c3 Nf6 8. Be2
Be7 9. Be3 O-O 10. O-O Ne5 11. Na3 b6 12. f3 Qc7 13. Rc1 Rd8 14. Qe1 Rb8 15.
Qf2 Bd7 16. Rfd1 Qb7 17. Kh1 Bc6 18. Bd4 Ng6 19. Nc2 d5 20. cxd5 exd5 21. e5
Nd7 22. f4 Bc5 23. Qg3 f5 24. Bd3 Rf8 25. h4 Ne7 26. b4 Bxd4 27. Nxd4 b5 28.
Nce2 Kh8 29. Ne6 Rg8 30. N2d4 h6 31. Nxf5 Nxf5 32. Bxf5 g5 33. hxg5 d4 34. Qh4
Bxg2+ 35. Kh2 Nf8 36. Qxh6+ Nh7 37. Rc7 1-0

[Event "2. Bundesliga Ost 2012/2013"]
[Site "6.+7.10., 17.+18.11., 1.12., 2.+3.2., 9.+10.3., 6.
[Date "2013.04.07"]
[Round "11"]
[Board "5"]
[White "Prager, Michael"]
[Black "Wiedner, Robert"]
[Result "1/2-1/2"]
[WhiteElo "1996"]
[BlackElo "2133"]
[PlyCount "75"]
[EventDate "2012.10.06"]
[EventType "team"]
[EventRounds "11"]
[EventCountry "AUT"]
[WhiteTeam "SK Hietzing"]
[BlackTeam "ASVOE Mattersburg"]

1. e4 Nf6 2. e5 Nd5 3. d4 d6 4. exd6 exd6 5. Nf3 Be7 6. c4 Nf6 7. h3 Bf5 8. Bd3
Bxd3 9. Qxd3 c6 10. O-O d5 11. b3 O-O 12. Nc3 Re8 13. Bf4 Nbd7 14. c5 Nf8 15.
b4 Ne4 16. Rfe1 Nxc3 17. Qxc3 Ng6 18. Bh2 Qd7 19. Qd3 Bf6 20. Kf1 Rxe1+ 21.
Rxe1 Re8 22. Rxe8+ Qxe8 23. Qe2 Qxe2+ 24. Kxe2 Nh4 25. Nxh4 Bxh4 26. Bf4 Bd8
27. Kd3 f6 28. g4 Kf7 29. Bd6 Ke6 30. Bg3 g6 31. Ke3 a5 32. a3 axb4 33. axb4 b6
34. Bd6 b5 35. f4 h6 36. h4 h5 37. g5 Kf7 38. Ke2 1/2-1/2

[Event "2. Bundesliga Ost 2012/2013"]
[Site "6.+7.10., 17.+18.11., 1.12., 2.+3.2., 9.+10.3., 6.
[Date "2013.04.07"]
[Round "11"]
[Board "6"]
[White "Salamon, Werner"]
[Black "Allram, Sebastian"]
[Result "0-1"]
[WhiteElo "2133"]
[BlackElo "1972"]
[PlyCount "53"]
[EventDate "2012.10.06"]
[EventType "team"]
[EventRounds "11"]
[EventCountry "AUT"]
[WhiteTeam "ASVOE Mattersburg"]
[BlackTeam "SK Hietzing"]

1. e4 c6 2. d4 d5 3. exd5 cxd5 4. Bd3 Nf6 5. c3 Bg4 6. Qb3 Qc7 7. Ne2 Bxe2 8.
Bxe2 e6 9. Bf4 Qxf4 10. Qxb7 Qc1+ 11. Bd1 Nfd7 12. O-O Bd6 13. g3 h5 14. Ba4
Qh6 15. h4 g5 16. Nd2 gxh4 17. Nf3 hxg3 18. Ne5 Bxe5 19. dxe5 h4 20. Qxa8 Ke7
21. Bxd7 h3 22. f4 h2+ 23. Kg2 Qh3+ 24. Kf3 g2+ 25. Ke2 gxf1=Q+ 26. Rxf1 Qxf1+
27. Kxf1 0-1

[Event "2. Bundesliga Ost 2012/2013"]
[Site "6.+7.10., 17.+18.11., 1.12., 2.+3.2., 9.+10.3., 6.
[Date "2013.04.07"]
[Round "11"]
[Board "1"]
[White "Zilka, Stepan"]
[Black "Kummer, Helmut"]
[Result "0-1"]
[WhiteElo "2529"]
[BlackElo "2353"]
[PlyCount "42"]
[EventDate "2012.10.06"]
[EventType "team"]
[EventRounds "11"]
[EventCountry "AUT"]
[WhiteTeam "Blackburne Nickelsdorf"]
[BlackTeam "Purbach"]

1. d4 d5 2. Nf3 Nf6 3. c4 c6 4. Nc3 dxc4 5. a4 Bf5 6. Ne5 Nbd7 7. Nxc4 Nb6 8.
Ne5 a5 9. f3 Nfd7 10. Nxd7 Nxd7 11. e4 Bg6 12. Be3 Qb6 13. Qc2 e5 14. O-O-O
exd4 15. Bxd4 Bc5 16. Bxg7 Be3+ 17. Kb1 Rg8 18. Qd3 O-O-O 19. Bd4 Bxd4 20. Qxd4
Nc5 21. Qe3 Nxe4 0-1

[Event "2. Bundesliga Ost 2012/2013"]
[Site "6.+7.10., 17.+18.11., 1.12., 2.+3.2., 9.+10.3., 6.
[Date "2013.04.07"]
[Round "11"]
[Board "2"]
[White "Wolfram, Bernd"]
[Black "Pinter, Erik"]
[Result "1/2-1/2"]
[WhiteElo "2234"]
[BlackElo "2379"]
[PlyCount "48"]
[EventDate "2012.10.06"]
[EventType "team"]
[EventRounds "11"]
[EventCountry "AUT"]
[WhiteTeam "Purbach"]
[BlackTeam "Blackburne Nickelsdorf"]

1. c4 g6 2. g3 c5 3. Bg2 Bg7 4. Nc3 Nc6 5. Nf3 d6 6. O-O e6 7. a3 Nge7 8. b4
cxb4 9. axb4 Nxb4 10. Ba3 Nbc6 11. Nb5 O-O 12. Nxd6 Bxa1 13. Qxa1 f6 14. d4 a5
15. e4 Ra6 16. c5 Nb4 17. Qb2 Rxd6 18. cxd6 Qxd6 19. e5 fxe5 20. dxe5 Qb6 21.
Ng5 Bd7 22. Rd1 Ned5 23. h4 Rc8 24. Be4 Be8 1/2-1/2

[Event "2. Bundesliga Ost 2012/2013"]
[Site "6.+7.10., 17.+18.11., 1.12., 2.+3.2., 9.+10.3., 6.
[Date "2013.04.07"]
[Round "11"]
[Board "3"]
[White "Vlcek, Stanislav"]
[Black "Zimmermann, Heinz"]
[Result "1-0"]
[WhiteElo "2292"]
[BlackElo "2177"]
[PlyCount "41"]
[EventDate "2012.10.06"]
[EventType "team"]
[EventRounds "11"]
[EventCountry "AUT"]
[WhiteTeam "Blackburne Nickelsdorf"]
[BlackTeam "Purbach"]

1. e4 c5 2. Nf3 a6 3. c4 Nc6 4. d4 cxd4 5. Nxd4 e5 6. Nc2 Bc5 7. Bd3 d6 8. O-O
Nge7 9. Nc3 O-O 10. a3 Be6 11. b4 Ba7 12. Bb2 Rc8 13. Rc1 Ng6 14. Qd2 Qh4 15.
Ne2 Bh3 16. gxh3 Qxh3 17. Ne1 Nh4 18. Bb1 Nd4 19. Nxd4 Bxd4 20. Bxd4 exd4 21.
Qd3 1-0

[Event "2. Bundesliga Ost 2012/2013"]
[Site "6.+7.10., 17.+18.11., 1.12., 2.+3.2., 9.+10.3., 6.
[Date "2013.04.07"]
[Round "11"]
[Board "4"]
[White "Rainprecht, Bernhard"]
[Black "Bachofner, Andreas"]
[Result "0-1"]
[WhiteElo "2125"]
[BlackElo "2207"]
[PlyCount "76"]
[EventDate "2012.10.06"]
[EventType "team"]
[EventRounds "11"]
[EventCountry "AUT"]
[WhiteTeam "Purbach"]
[BlackTeam "Blackburne Nickelsdorf"]

1. c4 f5 2. Nc3 Nf6 3. g3 e5 4. Bg2 Nc6 5. e3 g6 6. Nge2 Bg7 7. O-O O-O 8. b3
d6 9. Bb2 Ne7 10. Rc1 c6 11. d4 e4 12. Qc2 g5 13. f3 d5 14. cxd5 Nexd5 15. Qd2
exf3 16. Bxf3 Re8 17. Nxd5 Nxd5 18. Bxd5+ Qxd5 19. Nc3 Qd6 20. Rce1 Bd7 21. Na4
b6 22. Bc3 Rad8 23. Nb2 Bc8 24. Qc2 Qd5 25. Qg2 c5 26. Qxd5+ Rxd5 27. Na4 Ba6
28. Rf2 cxd4 29. Rd2 Bb7 30. Ba1 dxe3 31. Rxd5 Bxd5 32. Bxg7 Kxg7 33. Nc3 Bc6
34. Nd1 f4 35. Kf1 Rd8 36. Nc3 Rd2 37. gxf4 gxf4 38. Re2 Bf3 0-1

[Event "2. Bundesliga Ost 2012/2013"]
[Site "6.+7.10., 17.+18.11., 1.12., 2.+3.2., 9.+10.3., 6.
[Date "2013.04.07"]
[Round "11"]
[Board "5"]
[White "Bachofner, Christian"]
[Black "Gmasz, Gerhard"]
[Result "0-1"]
[WhiteElo "2082"]
[BlackElo "1990"]
[PlyCount "82"]
[EventDate "2012.10.06"]
[EventType "team"]
[EventRounds "11"]
[EventCountry "AUT"]
[WhiteTeam "Blackburne Nickelsdorf"]
[BlackTeam "Purbach"]

1. e4 g6 2. d4 Bg7 3. Nf3 c6 4. Nc3 d5 5. Be2 Bg4 6. Be3 Bxf3 7. Bxf3 e6 8. Qd2
Nd7 9. exd5 exd5 10. O-O Ngf6 11. Bg5 O-O 12. Qf4 Qb8 13. Qh4 Qc7 14. Rfe1 Rfe8
15. Be3 b5 16. a3 Qb7 17. h3 Re6 18. g4 Nb6 19. g5 Nfd7 20. b3 Rae8 21. Qf4 a6
22. h4 c5 23. Red1 cxd4 24. Bxd4 Be5 25. Bxe5 Rxe5 26. Qd4 Qc8 27. Nxd5 Nxd5
28. Bxd5 Nb6 29. Bg2 Na8 30. c4 Nc7 31. cxb5 Nxb5 32. Qd3 Nc3 33. Rd2 Ne2+ 34.
Kh2 Nf4 35. Qg3 Nxg2 36. Kxg2 Re4 37. f3 Re2+ 38. Rxe2 Rxe2+ 39. Kh1 Qc3 40.
Rd1 Qxb3 41. Rd8+ Kg7 0-1

[Event "2. Bundesliga Ost 2012/2013"]
[Site "6.+7.10., 17.+18.11., 1.12., 2.+3.2., 9.+10.3., 6.
[Date "2013.04.07"]
[Round "11"]
[Board "6"]
[White "Bauer, Marie-Christine"]
[Black "Steinert, Martin"]
[Result "0-1"]
[WhiteElo "1884"]
[BlackElo "2094"]
[PlyCount "92"]
[EventDate "2012.10.06"]
[EventType "team"]
[EventRounds "11"]
[EventCountry "AUT"]
[WhiteTeam "Purbach"]
[BlackTeam "Blackburne Nickelsdorf"]

1. e4 g6 2. d4 Bg7 3. Nc3 d6 4. Be3 Nc6 5. h4 h6 6. Qd2 e5 7. d5 Nce7 8. O-O-O
f5 9. f4 fxe4 10. Nxe4 Nf5 11. Bf2 Nf6 12. Nxf6+ Qxf6 13. fxe5 dxe5 14. Bb5+ c6
15. dxc6 O-O 16. g4 Nd4 17. Bxd4 exd4 18. g5 Qe7 19. Bc4+ Kh7 20. cxb7 Bxb7 21.
Rh3 h5 22. Re1 Qd6 23. Kb1 Rae8 24. Rxe8 Rxe8 25. a3 Be4 26. Ne2 Bf5 27. Rb3
Qh2 28. Ka2 Bg4 29. Rb7 Bxe2 30. Bxe2 Qxe2 31. Qxd4 Re7 32. Rxe7 Qxe7 33. Qc4
Qe5 34. c3 Qe7 35. a4 Be5 36. a5 Qc7 37. Qxc7+ Bxc7 38. a6 Kg7 39. b4 Kf7 40.
c4 Ke6 41. Kb3 Bg3 42. b5 Bf2 43. Kb4 Kd6 44. Ka5 Kc5 45. b6 Be1+ 46. Ka4 Kxb6
0-1

[Event "2. Bundesliga Ost 2012/2013"]
[Site "6.+7.10., 17.+18.11., 1.12., 2.+3.2., 9.+10.3., 6.
[Date "2013.04.07"]
[Round "11"]
[Board "1"]
[White "Schroll, Gerhard"]
[Black "Sommerbauer, Norbert"]
[Result "1/2-1/2"]
[WhiteElo "2403"]
[BlackElo "2444"]
[PlyCount "34"]
[EventDate "2012.10.06"]
[EventType "team"]
[EventRounds "11"]
[EventCountry "AUT"]
[WhiteTeam "Zwettl 2"]
[BlackTeam "Raiffeisen Waehring"]

1. d4 Nf6 2. c4 e6 3. Nc3 Bb4 4. e3 c5 5. Nge2 Ne4 6. a3 Nxc3 7. Nxc3 Bxc3+ 8.
bxc3 Nc6 9. Bd3 b6 10. Qg4 Qf6 11. O-O Ba6 12. Qg3 Na5 13. e4 Qg6 14. Qf3 Bxc4
15. e5 Bd5 16. Qxd5 exd5 17. Bxg6 hxg6 1/2-1/2

[Event "2. Bundesliga Ost 2012/2013"]
[Site "6.+7.10., 17.+18.11., 1.12., 2.+3.2., 9.+10.3., 6.
[Date "2013.04.07"]
[Round "11"]
[Board "2"]
[White "Mahdy, Khaled"]
[Black "Pisk, Petr"]
[Result "1/2-1/2"]
[WhiteElo "2385"]
[BlackElo "2389"]
[PlyCount "32"]
[EventDate "2012.10.06"]
[EventType "team"]
[EventRounds "11"]
[EventCountry "AUT"]
[WhiteTeam "Raiffeisen Waehring"]
[BlackTeam "Zwettl 2"]

1. e4 e5 2. Nf3 Nc6 3. Bb5 Nd4 4. Nxd4 exd4 5. O-O Bc5 6. d3 c6 7. Bc4 d5 8.
exd5 cxd5 9. Bb3 Ne7 10. Nd2 O-O 11. Qh5 Bf5 12. Nf3 Bg6 13. Qh3 Bf5 14. Qh5
Bg6 15. Qh3 Bf5 16. Qh5 Bg6 1/2-1/2